000 00624cam a22002053a 4500
001 45745
003 PGUSA
005 20140828084048.0
008 140524s2014||||xxu|||||s|||||000 | eng d
040 _aPGUSA
_beng
042 _adc
100 1 _aBensusan, S. L.
_q(Samuel Levy),
_d1872-1958
245 1 4 _aThe Heart of the Wild :
_bNature Studies from Near and Far
_h[electronic resource] /
_cS. L. Bensusan
260 _bProject Gutenberg,
_c2014
506 _aPublic domain in the USA.
516 _aElectronic text
830 0 _aProject Gutenberg
_v45745
856 4 0 _uhttp://www.gutenberg.org/ebooks/45745
942 _cEB
999 _c274995
_d274995